000 00341nam a22001097a 4500
008 150828b xxu||||| |||| 00| 0 eng d
020 _a0024064009
082 _a372.830 044 SAN
100 _aSAVAGE TOM V.
_cARMSTRONG DAVID G.
245 _aEFFECTIVE TEACHING IN ELEMENTARY SOCIAL STUDIES
260 _aNEW YORK
_bMACMILLAN PUBLISHING COMPANY
_c1987
999 _c1604
_d1604